LIBRARY & INFORMATION CENTRE, KCAET, TAVANUR

ONLINE PUBLIC ACCESS CATALOGUE (OPAC)

Kaarshikabivridhi kaivarikkan / (Record no. 9992)

MARC details
000 -LEADER
fixed length control field 00522cam a2200205ua 4500
041 ## - LANGUAGE CODE
Language code of text/sound track or separate title mal
082 ## - DEWEY DECIMAL CLASSIFICATION NUMBER
Classification number 630.301
Item number KAA/MO
100 ## - MAIN ENTRY--AUTHOR NAME
Personal name Arthur, T Mosher .
245 ## - TITLE STATEMENT
Title Kaarshikabivridhi kaivarikkan /
250 ## - EDITION STATEMENT
Edition statement 1 /
260 ## - PUBLICATION, DISTRIBUTION, ETC. (IMPRINT)
Place of publication Thiruvananthapuram :
Name of publisher State Instititute of Languages ,
Year of publication 1973.
300 ## - PHYSICAL DESCRIPTION
Number of Pages 136 ; .
942 ## - ADDED ENTRY ELEMENTS (KOHA)
Koha item type Books
Holdings
Withdrawn status Lost status Damaged status Home library Current library Date acquired Full call number Accession Number Koha item type
Withdrawn     KAUAET KAUAET 07/04/2012 630.301 13522 Books
Withdrawn     KAUAET KAUAET 07/04/2012 630.301 13524 Books
      KAUAET KAUAET 07/04/2012 630.301 13521 Books
free website counter